Maestri e allievi giuristi nell'Università di Siena. Saggi biografici.

में बचाया:
ग्रंथसूची विवरण
मुख्य लेखक: Nardi, Paolo (autore)
स्वरूप: पुस्तक
प्रकाशित: Milano, Italia: Dott A. Giuffré, 2009.
विषय:
टैग: टैग जोड़ें
कोई टैग नहीं, इस रिकॉर्ड को टैग करने वाले पहले व्यक्ति बनें!

MARC

LEADER 00000nam a22000007a 4500
003 CL-VaPUC
005 20240429111736.0
008 240415t2009 ||||| |||| 00| 0 eng d
999 |c 443507  |d 443505 
020 |a 88-14-14463-X 
040 |c Pontificia Universidad Católica de Valparaíso 
082 7 |2 22  |a 378.4558 NAR 2009 
100 1 |a Nardi, Paolo  |9 888354  |e autore 
245 |a Maestri e allievi giuristi nell'Università di Siena.  |b Saggi biografici. 
260 |a Milano, Italia:   |b Dott A. Giuffré,  |c 2009. 
300 |a 244 páginas. 
500 |a c.1 Donación Carlos Salinas A. Memo DER N° 16. 09-04-2024 
583 |c 20240415  |k Catalogador Asistente 
610 0 |9 888458  |a Universidad de Siena (Università degli Studi di Siena)  |v Historia  |v Administración  |v Profesores  |v Alumnos  |y Siglo 14 - 19  |z Italia 
650 0 |9 328378  |a Profesores universitarios  |v Privilegios  |v Universidad de Siena  |y Siglo 14 - 19  |z Italia 
650 0 |9 334744  |a Estudiantes universitarios  |v Privilegios  |v Universidad de Siena  |y Siglo 14 - 19  |z Italia 
942 |2 ddc  |c BK 
952 |0 0  |1 0  |2 ddc  |4 0  |6 378_455800000000000_NAR_2009  |7 0  |8 A  |9 594062  |a BIBDER  |b BIBDER  |d 2024-04-15  |e Donación  |i 5660676  |o 378.4558 NAR 2009  |p 5660676  |r 2024-04-15  |t 1  |w 2024-04-15  |x Ubicación 4to piso  |y BK  |z Este recurso debe solicitarse con anticipación  |k DER